| 000 | 00524nam a2200157 a 4500 | ||
|---|---|---|---|
| 001 | 000037961 | ||
| 005 | 20201002031138.0 | ||
| 008 | 130311s1989 mx 000 0 spa d | ||
| 020 | _a968664879x | ||
| 040 |
_aDO-SdBNP _bspa _cBNPHU |
||
| 100 | 1 |
_aChamorro Cardenal, Jaime _964371 |
|
| 245 | 1 | 3 |
_aLa prensa la república de papel / _cJaime Chamorro Cardenal ; traducción Elsa Ruth Martínez Conde. |
| 260 |
_aMéxico : _bEdiciones Gernika, _c1989. |
||
| 300 |
_a216 p. ; _c22 cm. |
||
| 700 | 1 |
_aMartínez Conde, Elsa Ruth _953541 |
|
| 999 |
_c37451 _d37451 |
||